000 00975nam a22003137a 4500
003 CHAP
005 20220817040938.0
008 971013s1988 r 10010 d
010 _a3197
011 _a4169
035 _a3371
040 _cCHAP
082 _a333.0972
_bF66
111 0 0 _aForo Nacional sobre Reforma Rural en México (
_n1
_d: 1988
_c: Chapingo, Méx.)
_942515
245 _aPonencias
260 _aChapingo, Méx. :
_bUACH,
_c1988
300 _a239 p
500 _aD49-8
590 _aBATCH-UPD
_b10
_c20130110
_lUCH01
_h1648
590 _aBATCH-UPD
_b10
_c20130410
_lUCH01
_h1038
590 _aBATCH-UPD
_b10
_c20130914
_lUCH01
_h1710
590 _aCONVERSION
_b10
_c20130109
_lUCH01
_h1303
650 1 4 _aReforma agraria
_xCongresos.
_995537
650 1 4 _aReforma agraria
_zMéxico.
_995596
710 0 _aUniversidad Autónoma Metropolitana.
901 _aBK
942 _cLIBRO
949 _a333.0972 F66
_bBC
_cCONG
_d-12887
_eCONG
_gI. c/e
_h81393
_i3371
_si
_t12.50
999 _c3197
_d3197